00397 2200157 4500001002100000005001500021035002000036245004500056100002500101250001200126300002400138260003700162082000800199084001400207020001800221INLIS00000000000116220260430120438 a0010-04260000201 ajumlah kembalian /csketsa ultra pelangi0 asketsa ultra pelangi apertama a24 hlm :bilustrasi ajakarta :bKEMENdikdasmen,c2023 a813 a813 SKE j a9786231188038